Theatre

Na minha lista:
Detalhes bibliográficos
Autor principal: Marizancene
Formato: Livro
Idioma:Undetermined
Publicado em: San José, Costa Rica Editorial Trejos 1937
Assuntos:
Tags: Adicionar Tag
Sem tags, seja o primeiro a adicionar uma tag!

MARC

LEADER 00000nam a2200000Ia 4500
008 170316s9999 xx 000 0 und d
040 |a cru BVZT 
090 |a 840 M-9t 
100 |a Marizancene 
245 |a Theatre 
260 |a San José, Costa Rica  |b Editorial Trejos  |c 1937 
300 |a 93 páginas 
650 |a LITERATURA FRANCESA 
999 |c 7864  |d 7864 
942 |c 15 D  |h 840 M-9t  |2 z